[Event "Moscow Ch"]
[Site "Moscow RUS"]
[Date "1982.??.??"]
[Round "2"]
[White "Gulko, Boris F"]
[Black "Andrianov, Nikolai"]
[Result "1/2-1/2"]
[WhiteElo "2565"]
[BlackElo "2435"]
[PlyCount "86"]
[EventDate "1982.02.??"]
[Source "www.chesslib.no"]
[SourceDate "2004.05.04"]

1. Nf3 d5 2. b3 Nf6 3. Bb2 Bf5 4. d3 c5 5. Nh4 Bd7 6. g3 Nc6 7. Bg2 e5 8. O-O g6 9. e3 Bg7 10. c4 Bg4 11. f3 Be6 12. f4 exf4 13. exf4 O-O 14. f5 Bd7 15. Nc3 dxc4 16. dxc4 Nd4 17. Bxb7 Rb8 18. Bg2 Bxf5 19. Nxf5 Nxf5 20. Qxd8 Rfxd8 21. Na4 Rd2 22. Bc3 Rc2 23. Rac1 Rxc1 24. Rxc1 Bh6 25. Re1 Re8 26. Nxc5 Rxe1+ 27. Bxe1 Ng4 28. Nd3 Be3+ 29. Kh1 Kf8 30. h3 Nf6 31. g4 Nd4 32. Bb4+ Ke8 33. Ne5 Nd7 34. Nc6 Ne2 35. Bd6 Nc1 36. Nb4 Bc5 37. Bxc5 Nxc5 38. Bd5 a5 39. Nc6 Nxa2 40. Nxa5 Nb4 41. Kg2 Nxd5 42. cxd5 Kd7 43. Kf3 Kd6 1/2-1/2

[Event "BL2-N 9495"]
[Site "GER"]
[Date "1995.??.??"]
[Round "?"]
[White "Bagirov, Vladimir K"]
[Black "Kalinitschew, Sergey L"]
[Result "1/2-1/2"]
[WhiteElo "2530"]
[BlackElo "2465"]
[PlyCount "44"]
[EventDate "1994.??.??"]
[Source "www.chesslib.no"]
[SourceDate "2004.05.04"]

1. Nf3 d5 2. b3 Bg4 3. Bb2 c6 4. g3 Nd7 5. d4 e6 6. Bg2 Bd6 7. Nbd2 f5 8. c4 Nh6 9. a4 a5 10. Ba3 Bxa3 11. Rxa3 O-O 12. O-O Nf7 13. Qa1 Qf6 14. e3 g5 15. Ra2 Kg7 16. Rb1 Bxf3 17. Nxf3 Ra7 18. Qb2 Rfa8 19. Qa3 Qd8 20. Rab2 Qf8 21. Qxf8+ Kxf8 22. Bf1 Ke7 1/2-1/2

[Event "CZE Ch"]
[Site "Turnov"]
[Date "1996.??.??"]
[Round "2"]
[White "Votava, Jan"]
[Black "Haba, Petr"]
[Result "1-0"]
[WhiteElo "2540"]
[BlackElo "2455"]
[PlyCount "131"]
[EventDate "1996.??.??"]
[Source "www.chesslib.no"]
[SourceDate "2004.05.04"]

1. Nf3 d5 2. b3 Bf5 3. Bb2 e6 4. c4 c6 5. e3 Nf6 6. Be2 Bd6 7. d3 O-O 8. Nbd2 Qe7 9. Nh4 Bg6 10. Nxg6 hxg6 11. O-O Nbd7 12. Qc2 e5 13. Rfd1 Ba3 14. Rac1 a5 15. Nb1 Bxb2 16. Qxb2 d4 17. exd4 exd4 18. Re1 Qd6 19. Nd2 Nc5 20. Nf3 Rad8 21. Bf1 Rfe8 22. g3 Rxe1 23. Rxe1 Nh7 24. Qd2 b6 25. Ne5 Nd7 26. f4 Nxe5 27. Rxe5 c5 28. Qe2 Nf6 29. Bg2 Kf8 30. Qf3 Qc7 31. g4 Nd7 32. Re2 Re8 33. Rxe8+ Kxe8 34. Qe4+ Kf8 35. g5 Nb8 36. Kf2 Qe7 37. Qf3 Nc6 38. Qh3 Qc7 39. Qh8+ Ke7 40. Kg3 Nd8 41. Be4 a4 42. Qxg7 axb3 43. axb3 Qa7 44. Qe5+ Kf8 45. f5 gxf5 46. Qh8+ Ke7 47. Qf6+ Ke8 48. g6 Qb8+ 49. Kg2 fxg6 50. Qxg6+ Ke7 51. Qxf5 Qd6 52. h4 Ke8 53. h5 Qh6 54. Qe5+ Kd7 55. Kg3 Qc1 56. Qf5+ Ke7 57. Kh4 Ke8 58. Qf3 Ke7 59. Kg4 Qg1+ 60. Qg3 Qd1+ 61. Kh4 Ke8 62. h6 Qd2 63. Kh5 Qe2+ 64. Kg6 Ne6 65. Kf6 Qf1+ 66. Qf3 1-0

[Event "Budapest FS08 GM"]
[Site "Budapest"]
[Date "1996.??.??"]
[Round "5"]
[White "Csom, Istvan"]
[Black "Dao Thien Hai"]
[Result "1/2-1/2"]
[WhiteElo "2460"]
[BlackElo "2535"]
[PlyCount "28"]
[EventDate "1996.08.??"]
[Source "ChessBase"]

1. Nf3 d5 2. b3 Bg4 3. Bb2 Bxf3 4. exf3 e6 5. g3 Nd7 6. f4 Ngf6 7. Bg2 Bd6 8. O-O O-O 9. d3 c6 10. Nd2 a5 11. a4 b5 12. Nf3 Qc7 13. Ra2 Rfc8 14. Qe2 Bf8 1/2-1/2

[Event "Badenweiler Open"]
[Site "Badenweiler"]
[Date "1994.??.??"]
[Round "7"]
[White "Sturua, Zurab"]
[Black "Slobodjan, Roman"]
[Result "0-1"]
[WhiteElo "2550"]
[BlackElo "2440"]
[PlyCount "112"]
[EventDate "1994.??.??"]
[Source "www.chesslib.no"]
[SourceDate "2004.05.04"]

1. Nf3 d5 2. b3 Bg4 3. Bb2 Nd7 4. d4 Bxf3 5. exf3 e6 6. f4 Bd6 7. g3 Ngf6 8. Bg2 O-O 9. O-O c5 10. dxc5 Bxc5 11. c4 Nb6 12. cxd5 exd5 13. Na3 a6 14. Nc2 Re8 15. Qd3 Ne4 16. Rad1 Qe7 17. Ba1 Qf8 18. b4 Bxb4 19. Nxb4 Qxb4 20. Rb1 Qc4 21. Qe3 Nd7 22. Rfc1 Qxa2 23. Qd4 Ndf6 24. Rxb7 Rac8 25. Rxc8 Rxc8 26. Bh3 Rf8 27. Kg2 Nxf2 28. Qb2 Qxb2 29. Bxb2 Nxh3 30. Kxh3 Ra8 31. Bxf6 gxf6 32. Rd7 a5 33. Rxd5 a4 34. Rd2 a3 35. Ra2 Kf8 36. Kg4 Ra5 37. Kf3 Ke7 38. Ke4 Ke6 39. f5+ Kd6 40. Kd4 Ra4+ 41. Kc3 Ke5 42. Kb3 Ra6 43. Re2+ Kxf5 44. Ka2 Ra4 45. Re7 Kg6 46. Re8 Kg7 47. Rc8 h5 48. Rc5 Kg6 49. Rc8 h4 50. gxh4 Rxh4 51. Kxa3 Rxh2 52. Kb3 Rd2 53. Rg8+ Kh5 54. Kc3 Rd1 55. Rg7 f5 56. Rxf7 Kg4 0-1

[Event "Jonsson Mem Open, Reykjavik ISL"]
[Site "?"]
[Date "2001.??.??"]
[Round "2"]
[White "Nyback, T."]
[Black "Schandorff, L."]
[Result "1/2-1/2"]
[WhiteElo "2430"]
[BlackElo "2550"]
[PlyCount "68"]
[EventDate "2001.??.??"]
[Source "www.chesslib.no"]
[SourceDate "2004.05.04"]

1. Nf3 d5 2. b3 Bg4 3. e3 Nf6 4. Bb2 e6 5. d3 Be7 6. h3 Bxf3 7. Qxf3 O-O 8. Nd2 c5 9. g3 Nc6 10. Bg2 Nd7 11. O-O Bf6 12. Bxf6 Nxf6 13. Qe2 Qc7 14. c4 Rad8 15. cxd5 exd5 16. Rfc1 Qd6 17. Nf3 Rfe8 18. Qd2 b6 19. d4 Ne4 20. Qb2 Qf6 21. Rab1 cxd4 22. Nxd4 Nxd4 23. exd4 Ng5 24. Re1 h5 25. h4 Nf3+ 26. Bxf3 Qxf3 27. Qd2 Rc8 28. Rxe8+ Rxe8 29. Re1 Re4 30. Rxe4 Qxe4 31. Kh2 f6 32. Qd1 g6 33. Qd2 Kg7 34. Qc3 Qf5 1/2-1/2

[Event "Ch (1 liga)"]
[Site "Lvov UKR"]
[Date "1973.??.??"]
[Round "?"]
[White "Podgaets, Mikhail"]
[Black "Sveshnikov, Evgeny E"]
[Result "0-1"]
[WhiteElo "2465"]
[BlackElo "2510"]
[PlyCount "102"]
[EventDate "1973.??.??"]
[Source "www.chesslib.no"]
[SourceDate "2004.05.04"]

1. Nf3 d5 2. b3 Nf6 3. Bb2 e6 4. g3 Bd6 5. Bg2 O-O 6. O-O b6 7. d3 Bb7 8. Nbd2 Qe7 9. a3 Nbd7 10. Re1 e5 11. e4 dxe4 12. Nh4 g6 13. Nc4 Nc5 14. d4 Ncd7 15. dxe5 Nxe5 16. Qd4 Rfe8 17. Nxd6 Qxd6 18. Qe3 Neg4 19. Qc1 Nxf2 20. Bxf6 Qxf6 21. Rf1 e3 22. Bxb7 Rad8 23. Qe1 c6 24. Ng2 Qf3 25. Qc3 Re6 26. Bxc6 Qxc6 27. Qxc6 Nh3+ 28. Kh1 Rxc6 29. Nxe3 Rd2 30. Rae1 Rc3 31. Nc4 Rdxc2 32. Re8+ Kg7 33. Re7 Ng5 34. Ne5 Rc7 35. Rxc7 Rxc7 36. h4 Ne4 37. Rf3 f6 38. Nc4 b5 39. Na5 f5 40. Kg1 Rc1+ 41. Kg2 Rc2+ 42. Kg1 Kh6 43. g4 fxg4 44. Rf4 Nd2 45. Rf2 g3 46. Rf7 Kh5 47. Rf4 g5 48. hxg5 Kxg5 49. Rf7 h5 50. Kg2 Ne4+ 51. Kg1 Kg4 0-1

[Event "Cordoba Open"]
[Site "Cordoba ARG"]
[Date "1991.??.??"]
[Round "?"]
[White "Franco Ocampos, Zenon"]
[Black "Campos Moreno, Javier B"]
[Result "1/2-1/2"]
[WhiteElo "2495"]
[BlackElo "2480"]
[PlyCount "80"]
[EventDate "1991.??.??"]
[Source "www.chesslib.no"]
[SourceDate "2004.05.04"]

1. Nf3 d5 2. b3 c6 3. g3 Bg4 4. Bg2 Nd7 5. Bb2 e6 6. h3 Bh5 7. O-O a5 8. a3 Ngf6 9. d3 a4 10. b4 c5 11. bxc5 Bxc5 12. Nbd2 O-O 13. c4 Re8 14. Qc2 Qb6 15. g4 Bg6 16. Nh4 Qa7 17. Nxg6 hxg6 18. e3 Rac8 19. g5 Nh5 20. Rae1 Be7 21. h4 b5 22. Bf3 bxc4 23. dxc4 Nb6 24. Be2 Nxc4 25. Nxc4 dxc4 26. Bxc4 Qa5 27. Qe4 Bxg5 28. hxg5 Qxg5+ 29. Kh2 Nf6 30. Bxf6 gxf6 31. Rg1 Qh5+ 32. Kg2 f5 33. Qd4 Red8 34. Qf4 e5 35. Bxf7+ Kxf7 36. Qxe5 Rd2 37. Rc1 Qg4+ 38. Qg3 Rxc1 39. Rxc1 Qxg3+ 40. Kxg3 Ra2 1/2-1/2